000 00517 a2200157 4500
999 _c3423
_d3423
020 _a9780855984519
050 _aHQ 1101 CHA 2000
100 _aChant, Sylvia
_eauthor
245 _aMainstreaming men into gender and development:
_bDebates, reflections, and experiences/
_cSylvia Chant and Matthew Gutmann.
264 _aLondon:
_bOxfam
_c2000.
300 _avi, 60p.
500 _aIncludes references
650 _aGender and development
_xGender
700 _aGutman, Matthew
_eauthor
942 _2lcc
_cBK
_h1101
_iCHA
_kHQ